Largest Cities and Towns of CALIFORNIA by First Letter - Statistics

General Stats
  • This quiz has been taken 171 times
  • The average score is 13 of 23
Answer Stats
Letter Population MUNICIPALITY % Correct
L 3,990,456 Los Angeles
97%
S 1,425,976 San Diego
96%
A 352,005 Anaheim
91%
B 383,579 Bakersfield
85%
F 530,093 Fresno
84%
O 429,082 Oakland
84%
R 330,063 Riverside
71%
I 282,572 Irvine
69%
C 271,651 Chula Vista
65%
M 215,030 Modesto
57%
H 200,641 Huntington Beach
53%
G 201,361 Glendale
47%
P 156,667 Palmdale
42%
V 133,800 Visalia
42%
J 108,393 Jurupa Valley
36%
T 145,182 Torrance
36%
U 77,000 Upland
36%
E 172,886 Elk Grove
34%
Y 67,787 Yorba Linda
34%
D 112,269 Downey
33%
N 105,120 Norwalk
31%
W 106,311 West Covina
26%
K 15,037 Kerman
10%
No matching quizzes found
Score Distribution
Percent of People with Each Score
Percentile by Number Answered
Your Score History
You have not taken this quiz